[Event "Novosibirsk op"]
[Site "Novosibirsk"]
[Date "2001.07.28"]
[Round "10"]
[White "Pavlov, Oleg Yuryevich"]
[Black "Kirchanov, Andrei"]
[Result "1/2-1/2"]
[WhiteElo "2052"]
[BlackElo "2331"]
[PlyCount "82"]
[EventDate "2001.07.18"]
[EventType "swiss"]
[EventRounds "11"]
[EventCountry "RUS"]
[SourceTitle "CBM 083 Extra"]
[Source "ChessBase"]
[SourceDate "2001.09.11"]
[SourceVersion "1"]
[SourceVersionDate "2001.09.11"]
[SourceQuality "1"]

1. d4 d5 2. c4 e6 3. Nc3 Nf6 4. Nf3 Nbd7 5. Bg5 c6 6. e3 Qa5 7. Nd2 Bb4 8. Qc2 0-0 9. Bh4 e5 10. Bxf6 Nxf6 11. dxe5 Ne4 12. cxd5 Nxc3 13. bxc3 Bxc3 14. Rc1 Bxe5 15. dxc6 Rd8 16. Bd3 bxc6 17. 0-0 Ba6 18. Nc4 Bxc4 19. Qxc4 Rac8 20. Qe4 g6 21. Rfd1 Bb8 22. a4 Rd6 23. Be2 Re6 24. Qh4 Rd6 25. Rxd6 Bxd6 26. Rd1 Qc7 27. g3 Be5 28. Qc4 h5 29. Bf3 Kg7 30. Bg2 Bf6 31. Bh3 Rd8 32. Rxd8 Bxd8 33. Bg2 c5 34. Bd5 Bf6 35. Qb5 Kf8 36. Qc4 Qe7 37. Kg2 Be5 38. a5 Bc7 39. a6 Be5 40. h4 Bd6 41. Qb5 Kg7 1/2-1/2

[Event "Novosibirsk op"]
[Site "Novosibirsk"]
[Date "2001.07.22"]
[Round "4"]
[White "Kirchanov, Andrei"]
[Black "Gerber, Vyacheslav"]
[Result "1-0"]
[WhiteElo "2331"]
[BlackElo "2134"]
[PlyCount "81"]
[EventDate "2001.07.18"]
[EventType "swiss"]
[EventRounds "11"]
[EventCountry "RUS"]
[SourceTitle "CBM 083 Extra"]
[Source "ChessBase"]
[SourceDate "2001.09.11"]
[SourceVersion "1"]
[SourceVersionDate "2001.09.11"]
[SourceQuality "1"]

1. d4 d5 2. Nf3 Nf6 3. c4 c6 4. Nc3 e6 5. g3 dxc4 6. Bg2 Bb4 7. 0-0 0-0 8. Ne5 Nd5 9. Qc2 b5 10. a4 f6 11. Nf3 Bb7 12. axb5 Bxc3 13. bxc6 Nxc6 14. bxc3 Qc7 15. Nd2 Nb6 16. e4 e5 17. d5 Nb8 18. Ba3 Re8 19. Rfb1 N8d7 20. Bf1 f5 21. f3 fxe4 22. fxe4 Nf6 23. h3 Nh5 24. Kh2 Qf7 25. Nxc4 Nxc4 26. Bxc4 Rac8 27. Rf1 Qg6 28. Qf2 Nf6 29. Bd3 Rxc3 30. Qe2 Bxd5 31. Rf3 Rxd3 32. Rxd3 Bc4 33. Re1 Nxe4 34. Qe3 Nxg3 35. Rdd1 Nf5 36. Qc3 Bb5 37. Rxe5 Ba6 38. Rde1 Rc8 39. Qxc8+ Bxc8 40. Re8+ Qxe8 41. Rxe8+ 1-0

[Event "RUS-ch54 sf Sibiria"]
[Site "Novosibirsk"]
[Date "2001.04.18"]
[Round "1"]
[White "Petrukhin, Denis"]
[Black "Kirchanov, Andrei"]
[Result "1-0"]
[WhiteElo "2370"]
[BlackElo "2200"]
[PlyCount "93"]
[EventDate "2001.04.19"]
[EventType "swiss"]
[EventRounds "9"]
[EventCountry "RUS"]
[SourceTitle "CBM 082 Extra"]
[Source "ChessBase"]
[SourceDate "2001.07.03"]
[SourceVersion "1"]
[SourceVersionDate "2001.07.03"]
[SourceQuality "1"]

1. e4 c5 2. Nf3 d6 3. d4 cxd4 4. Nxd4 Nf6 5. Nc3 Nc6 6. Bg5 e6 7. Qd2 a6 8. 0-0-0 Bd7 9. f3 Be7 10. h4 b5 11. Nxc6 Bxc6 12. h5 h6 13. Be3 Qa5 14. Kb1 d5 15. Nxd5 Qxd2 16. Nxf6+ Bxf6 17. Rxd2 0-0 18. Be2 Kh7 19. Bd3 e5 20. c4 b4 21. Bc5 Rfb8 22. Bd6 Rb7 23. c5 g6 24. Bc4 gxh5 25. Bd5 Rc8 26. Bxc6 Rxc6 27. Rd5 Rb5 28. Rxh5 Kg6 29. Rf5 Bg7 30. Bxe5 b3 31. Bxg7 bxa2+ 32. Kxa2 Kxg7 33. Rd7 Rc8 34. Rdxf7+ Kg8 35. Rd7 Rcb8 36. Rd2 Kg7 37. c6 Rxf5 38. exf5 Kf6 39. g4 Ke5 40. c7 Rc8 41. Rc2 h5 42. gxh5 Kxf5 43. Rc6 Ke5 44. h6 Kd5 45. Rc2 Kd6 46. h7 Kd7 47. f4 1-0

[Event "RUS-ch54 sf Sibiria"]
[Site "Novosibirsk"]
[Date "2001.04.??"]
[Round "9"]
[White "Shkurikhin, Ilia"]
[Black "Kirchanov, Andrei"]
[Result "1/2-1/2"]
[WhiteElo "2308"]
[BlackElo "2370"]
[PlyCount "52"]
[EventDate "2001.04.19"]
[EventType "swiss"]
[EventRounds "9"]
[EventCountry "RUS"]
[SourceTitle "CBM 082 Extra"]
[Source "ChessBase"]
[SourceDate "2001.07.03"]
[SourceVersion "1"]
[SourceVersionDate "2001.07.03"]
[SourceQuality "1"]

1. d4 Nf6 2. c4 e6 3. Nf3 d5 4. Nc3 c6 5. Bg5 Nbd7 6. cxd5 exd5 7. e3 Be7 8. Qc2 0-0 9. Bd3 Re8 10. h3 Nf8 11. 0-0-0 Be6 12. Kb1 Rc8 13. g4 b5 14. Ne5 a6 15. f4 N6d7 16. h4 f6 17. f5 fxe5 18. fxe6 e4 19. Bxe4 dxe4 20. exd7 Qxd7 21. Bxe7 Qxe7 22. g5 Nd7 23. Rhf1 Nb6 24. Rf4 Nd5 25. Qb3 Qe6 26. Nxd5 cxd5 1/2-1/2